Szczegóły MARC
| 000 -ETYKIETA REKORDU |
| podpole kontrolne o stałej długości |
01328nam a2200373 i 4500 |
| 001 - NUMER KONTROLNY REKORDU |
| podpole kontrolne |
normy |
| 003 - IDENTYFIKATOR NUMERU KONTROLNEGO REKORDU |
| podpole kontrolne |
BPK |
| 005 - DATA OSTATNIEJ MODYFIKACJI REKORDU |
| podpole kontrolne |
20140522130415.0 |
| 008 - POLE O STAŁEJ DŁUGOŚCI - DANE KONTROLNE |
| podpole kontrolne o stałej długości |
121231s pl a f u |000 0 pol |
| 040 ## - ŹRÓDŁO KATALOGOWANIA |
| Instytucja, która utworzyła rekord |
BPK |
| 041 ## - KOD JĘZYKA |
| Kod języka tekstu |
pol |
| 044 ## - KOD KRAJU WYDAWCY/PRODUCENTA |
| Kod kraju wydawcy/producenta |
POL |
| 084 ## - NUMER INNEJ KLASYFIKACJI |
| Numer klasyfikacji |
ICS 91.010.30 |
| 084 ## - NUMER INNEJ KLASYFIKACJI |
| Numer klasyfikacji |
ICS 91.080.10 |
| 245 ## - TYTUŁ/ODPOWIEDZIALNOŚĆ |
| Tytuł |
Eurokod 9 : |
| Ciąg dalszy tytułu |
projektowanie konstrukcji aluminiowych. |
| Oznaczenie części/sekcji dzieła |
Cz. 1-3, |
| Tytuł części/sekcji dzieła |
Konstrukcje narażone na zmęczenie. |
| 246 ## - WARIANT TYTUŁU |
| Tytuł |
PN-EN 1999-1-3:2011 |
| 246 ## - WARIANT TYTUŁU |
| Tytuł |
PN-EN 1999-1-3:2011/A1:2012 |
| 246 ## - WARIANT TYTUŁU |
| Tytuł |
Projektowanie konstrukcji aluminiowych |
| 246 ## - WARIANT TYTUŁU |
| Tytuł |
Konstrukcje narażone na zmęczenie |
| 250 ## - STREFA WYDANIA |
| Oznaczenie wydania |
Zatwierdzono: 2010.11.29, |
| 250 ## - STREFA WYDANIA |
| Oznaczenie wydania |
Zatwierdzono: 2012.04.13 (dot. Zmiany A1). |
| 260 ## - STREFA ADRESU WYDAWNICZEGO |
| Miejsce wydania |
Warszawa : |
| Nazwa wydawcy/dystrybutora |
Polski Komitet Normalizacyjny, |
| Data publikacji, dystrybucji/powstania dokumentu |
2012. |
| 500 ## - UWAGI OGÓLNE |
| Tekst uwagi |
Wprowadza: EN 1999-1-3:2007 |
| 500 ## - UWAGI OGÓLNE |
| Tekst uwagi |
Wprowadza: EN 1999-1-3:2007/A1:2011 |
| 500 ## - UWAGI OGÓLNE |
| Tekst uwagi |
Zastępuje: PN-EN 1999-1-3:2007 |
| 520 ## - UWAGA DOTYCZĄCA TREŚCI DOKUMENTU |
| Analiza dokumentacyjna, adnotacja itp. |
Normę stosuje się do projektowania budynków i konstrukcji inżynierskich z aluminium oraz do ich wykonywania. |
| 653 ## - TERMIN INDEKSOWY - FORMA NIEKONTROLOWANA |
| Termin indeksowy |
eurokod 9 |
| 653 ## - TERMIN INDEKSOWY - FORMA NIEKONTROLOWANA |
| Termin indeksowy |
konstrukcje aluminiowe |
| 653 ## - TERMIN INDEKSOWY - FORMA NIEKONTROLOWANA |
| Termin indeksowy |
konstrukcje narażone na zmęczenie |
| 710 ## - HASŁO DODATKOWE - NAZWA CIAŁA ZBIOROWEGO |
| Nazwa ciała zbiorowego lub jednostki geograficznej |
KT nr 128 ds. Projektowania i Wykonawstwa Konstrukcji Metalowych |
| 780 ## - TYTUŁ POPRZEDNI |
| Tytuł |
PN-EN 1999-1-3:2007 |
| 856 ## - LOKALIZACJA I DOSTĘP DO ELEKTRONICZNYCH DOKUMENTÓW ZDALNYCH |
| Link (URL) |
http://koha.tu.koszalin.pl/cgi-bin/koha/opac-detail.pl?biblionumber=77032 |
| Tekst linku |
Katalog online BPK |
| 942 ## - DODATKOWE ELEMENTY (KOHA) |
| Typ dokumentu |
Norma |
| 998 ## - DANE OPRACOWANIA |
| Inicjały katalogującego |
eg |
| Data |
2012.06.04 |